[Event "Parana-chT 55th"]
[Site "Maringa"]
[Date "2012.09.25"]
[Round "3.4"]
[White "Lukachewski Junior, Wanderlei"]
[Black "Da Costa, Samir Hejazi"]
[Result "1-0"]
[WhiteElo "2058"]
[BlackElo "1949"]
[PlyCount "101"]
[EventDate "2012.09.24"]
[EventType "team-swiss"]
[EventRounds "7"]
[EventCountry "BRA"]
[SourceTitle "EXT 2014"]
[Source "ChessBase"]
[SourceDate "2013.11.20"]
[SourceVersion "1"]
[SourceVersionDate "2013.11.20"]
[SourceQuality "1"]
[WhiteTeam "Paranavai"]
[BlackTeam "Sao Jose dos Pinhais"]
[WhiteTeamCountry "BRA"]
[BlackTeamCountry "BRA"]

1. e4 e6 2. d4 d5 3. Nc3 Nf6 4. Bg5 Be7 5. e5 Nfd7 6. h4 h6 7. Be3 a6 8. Qg4 g6 9. Nf3 c5 10. 0-0-0 Nc6 11. dxc5 Ndxe5 12. Nxe5 Nxe5 13. Qg3 Nd7 14. a3 Bxc5 15. Bxc5 Nxc5 16. Nxd5 exd5 17. Qe5+ Be6 18. Qxh8+ Ke7 19. Qxd8+ Rxd8 20. Bd3 h5 21. Rhe1 Kf8 22. b4 Nxd3+ 23. Rxd3 Rc8 24. Rd4 Rc7 25. Kb2 Kg7 26. Re3 Rd7 27. Kb3 Rc7 28. Rc3 Re7 29. a4 Kf6 30. Re3 Rc7 31. c3 Kg7 32. a5 Rc8 33. Re5 Rd8 34. b5 axb5 35. Kb4 Rc8 36. Re3 Ra8 37. Kxb5 Ra6 38. Re5 Rc6 39. Rdxd5 Bxd5 40. Rxd5 Rxc3 41. Kb6 Rc2 42. Kxb7 Rxf2 43. a6 Rxg2 44. a7 Ra2 45. a8Q Rxa8 46. Kxa8 f6 47. Kb7 Kh6 48. Rd6 Kg7 49. Kc6 g5 50. Kd5 gxh4 51. Ke4 1-0

[Event "Parana-chT 54th"]
[Site "Parana"]
[Date "2011.11.18"]
[Round "5"]
[White "Da Costa, Samir Hejazi"]
[Black "Nunes, Sidney Jr"]
[Result "0-1"]
[WhiteElo "1882"]
[BlackElo "2069"]
[PlyCount "82"]
[EventDate "2011.11.14"]
[EventType "team-swiss"]
[EventRounds "7"]
[EventCountry "BRA"]
[SourceTitle "EXT 2013"]
[Source "ChessBase"]
[SourceDate "2012.11.22"]
[SourceVersion "1"]
[SourceVersionDate "2012.11.22"]
[SourceQuality "1"]
[WhiteTeam "Sao Jose dos Pinhais"]
[BlackTeam "Foz do Iguacu"]
[WhiteTeamCountry "BRA"]
[BlackTeamCountry "BRA"]

1. d4 Nf6 2. Nf3 e6 3. g3 Be7 4. Bg2 0-0 5. c4 d5 6. Nc3 dxc4 7. Qa4 a6 8. Qxc4 b5 9. Qd3 Bb7 10. a3 c5 11. 0-0 Nc6 12. dxc5 Qxd3 13. exd3 Bxc5 14. b4 Be7 15. Bb2 Rfd8 16. Rfd1 Rd7 17. d4 Rad8 18. Ne5 Rc7 19. Ne2 Nxe5 20. dxe5 Nd5 21. Rac1 Rcd7 22. Bxd5 Bxd5 23. f4 f6 24. Kf2 Kf7 25. Ke3 Ra8 26. Bd4 a5 27. exf6 gxf6 28. Bc5 axb4 29. axb4 Ra3+ 30. Rc3 Bxc5+ 31. bxc5 Rda7 32. Rxa3 Rxa3+ 33. Rd3 b4 34. Nd4 b3 35. Nb5 Ra2 36. Nc3 b2 37. Rd1 Ra1 38. Kd2 Be4 39. c6 Ke7 40. c7 Kd7 41. c8B+ Kxc8 0-1